000 00472pab a2200169 454500
008 180718b2006 xxu||||| |||| 00| 0 eng d
100 _aNachane, D.M.
245 _aApproach paper to the Eleventh Five Year Plan: a secptical note
260 _c2006
300 _ap.3141-143
362 _a22 Jul
650 _aEleventh Five Year Plan
650 _aEconomic planning - India
650 _aEconomic planning
773 _aEconomic and Political Weekly
909 _a70639
999 _c70639
_d70639